000
00302nam a22001097a 4500
082
_a
327.1973 BAI'M
100
_a
BALLY, THOMAS A
_9
57944
245
_a
THE MAN IN THE STREET THE IMPACT OF AMERICAN PUBLIC OPINION OF FOREIGN POLICY
260
_a
NEWYORK
_b
MACMILLAN
_c
1948
300
_a
334P
942
_c
BK
999
_c
568181
_d
568181